000 00806cam a22002412 4500
999 _c5881
_d5881
001 0000002489
003 OSt
005 20180309120630.0
008 070411s xx 000 0 eng d
020 _a812192099X :
_cKES 590
040 _aKABU
_cKABU
050 0 _aHF5635
_b.C43 2002
100 1 _aCharumati, B.
245 1 0 _aFinancial accounting :
_b(for B. Com., B.B.M. of all Indian universities and also covering the professional courses like I.C.W.A. & A.C.S.) /
_cB. Charumati and N. Vinayakam.
260 _aNew Delhi :
_bS. Chand & Company,
_cc2002.
300 _axii, 764 p. ;
_c24 cm.
650 0 _aAccounting.
700 1 _aVinayakam, N.
908 _a070411
942 _2lcc
_cBK